| 000 | 00000nam##2200000za#4500 |
| 001 | 9.681762 |
| 003 | CaOODSP |
| 005 | 20220818080258 |
| 007 | ta |
| 008 | 150407|2001||||xxc||||| f|0| 0 fre|d |
| 020 | |a0-662-86725-4 |
| 040 | |aCaOODSP|bfre |
| 043 | |an-cn--- |
| 086 | 1 |aIP34-9/2001F |
| 110 | 2 |aCommissariat à la protection de la vie privée du Canada. |
| 245 | 10|aVos droits en matière de vie privée : |bguide au sujet de la Loi sur la protection des renseignements personnels et les documents électroniques : un guide pour les Canadiens et les Canadiennes |
| 260 | |aOttawa - Ontario : |bCommissariat à la protection de la vie privée du Canada |c2001. |
| 563 | |aDépliant |
| 590 | |a02-06|b2002-02-08 |
| 691 | 07|aVie privée|2gcpds |
| 691 | 07|aDocument électronique|2gcpds |
| 775 | 08|tYour privacy rights : |w(CaOODSP)9.648471 |
| 776 | 0#|tVos droits en matière de vie privée : |w(CaOODSP)9.639903 |